书目信息 |
| 题名: |
明鉴未远 覆车如昨
|
|
| 作者: | 刘立宪 主编 | |
| 分册: | ||
| 出版信息: | 北京 中国金融出版社 2015 |
|
| 页数: | 302页 | |
| 开本: | 24cm | |
| 丛书名: | ||
| 单 册: | ||
| 中图分类: | D630.9 | |
| 科图分类: | ||
| 主题词: | 工商银行--Gong Shang Yin Hang--廉政建设--中国--学习参考资料 | |
| 电子资源: | ||
| ISBN: | 978-7-5049-7789-2 | |
| 000 | 01300nam0 22002531 450 | |
| 001 | 350416 | |
| 005 | 20161008162838.21 | |
| 010 | @a978-7-5049-7789-2@dCNY32.00 | |
| 100 | @a20150928d2015 em y0chiy50 ea | |
| 101 | 0 | @achi |
| 102 | @aCN@b110000 | |
| 105 | @ay z 000yy | |
| 106 | @ar | |
| 200 | 1 | @a明鉴未远 覆车如昨@AMing Jian Wei Yuan Fu Che Ru Zuo@e中国工商银行员工廉洁从业和案防履职警示教育读本@f刘立宪主编 |
| 210 | @a北京@c中国金融出版社@d2015 | |
| 215 | @a302页@d24cm | |
| 306 | @a内部资料 | |
| 330 | @a本书分为廉洁自律和案件风险防范上下两篇,上篇围绕廉洁自律有关要求,强调作为国有控股金融企业的员工,特别是各级管理人员在廉洁自律方面必须遵守的党纪行规、法律法规等方面的内容;下篇围绕案件风险防范的有关要求,梳理机构负责人、网点负责人、业务管理人员、营销和操作人员、监督检查人员等各专业岗位的风险隐患,准确把握相关人员履职过程中的风险点以及可能出现的苗头性、倾向性问题,并结合相关案例提出防控措施和问题思考。 | |
| 517 | 1 | @a中国工商银行员工廉洁从业和案防履职警示教育读本@AZhong Guo Gong Shang Yin Hang Yuan Gong Lian Jie Cong Ye He An Fang Lv Zhi Jing Shi Jiao Yu Du Ben |
| 606 | 0 | @a工商银行@AGong Shang Yin Hang@x廉政建设@y中国@j学习参考资料 |
| 690 | @aD630.9@v5 | |
| 701 | 0 | @a刘立宪@ALiu Li Xian@4主编 |
| 801 | 0 | @aCN@bTANGWEI@c20160804 |
| 905 | @b0889925-9@dD630.9@e242@f5 | |
| 明鉴未远 覆车如昨:中国工商银行员工廉洁从业和案防履职警示教育读本/刘立宪主编.-北京:中国金融出版社,2015 |
| 302页;24cm |
| ISBN 978-7-5049-7789-2:CNY32.00 |
| 本书分为廉洁自律和案件风险防范上下两篇,上篇围绕廉洁自律有关要求,强调作为国有控股金融企业的员工,特别是各级管理人员在廉洁自律方面必须遵守的党纪行规、法律法规等方面的内容;下篇围绕案件风险防范的有关要求,梳理机构负责人、网点负责人、业务管理人员、营销和操作人员、监督检查人员等各专业岗位的风险隐患,准确把握相关人员履职过程中的风险点以及可能出现的苗头性、倾向性问题,并结合相关案例提出防控措施和问题思考。 |
| ● |
| 相关链接 |
|
|
|
|
正题名:明鉴未远 覆车如昨
索取号:D630.9/242
 
预约/预借
| 序号 | 登录号 | 条形码 | 馆藏地/架位号 | 状态 | 备注 |
| 1 | 0889925 | 208899254 | 第一样本阅览室/ [索取号:D630.9/242] | 在馆 | |
| 2 | 0889926 | 208899263 | 第一借阅区/ [索取号:D630.9/242] | 在馆 | |
| 3 | 0889927 | 208899272 | 第一借阅区/ [索取号:D630.9/242] | 在馆 | |
| 4 | 0889928 | 208899281 | 第一借阅区/ [索取号:D630.9/242] | 在馆 | |
| 5 | 0889929 | 208899290 | 第一借阅区/ [索取号:D630.9/242] | 在馆 |